| 000 | 00717nam a22002417a 4500 | ||
|---|---|---|---|
| 001 | 93527 | ||
| 003 | UA-OsUOA | ||
| 005 | 20251223154005.0 | ||
| 007 | ta | ||
| 008 | 20130122b un ||||| |||| 00| 0 ukr d | ||
| 040 |
_aUA-OsUOA _bukr _cUA-OsUOA _dUA-OsUOA |
||
| 041 | _aukr | ||
| 080 | _a821.162.2 | ||
| 090 |
_a821.162.2 _bВ19 |
||
| 100 |
_aВасилевська В. _923007 |
||
| 245 |
_aТвори в восьми томах _cВ. Василевська |
||
| 260 |
_aК. _bДніпро _c1967 |
||
| 300 | _a385 с. | ||
| 505 |
_gТ. 6 _tРоман |
||
| 650 | 7 |
_a821 Художня література окремими мовами і мовними сім'ями _2UDC _917 |
|
| 942 |
_cBK _2udc |
||
| 955 | _a3 | ||
| 999 |
_c379768 _d379768 |
||